| 000 | 00759nam a2200205 a 4500 | ||
|---|---|---|---|
| 003 | 0 | ||
| 005 | 20250508163249.0 | ||
| 008 | 021107s19uu xx 00 eng d | ||
| 050 |
_aPGS HQ 755.8 _b.B725 2002 |
||
| 100 | _aBoquiren, Mara Feliciano. | ||
| 245 |
_aRelationship of the grade 6 students of Southville International School, with their parents / _cMara Feliciano Boquiren. |
||
| 260 |
_aLas PiƱas City, Philippines : _bSouthville International School and Colleges, _c2002. |
||
| 300 |
_a61 pages : _billustrations ; _c28 cm. |
||
| 504 | _aIncludes bibliographical references. | ||
| 650 | _aParent and child. | ||
| 650 | _aParent-child relationship. | ||
| 650 | _aFamily. | ||
| 650 | _aInterpersonal relations in children. | ||
| 942 |
_2lcc _cPASS |
||
| 999 |
_c96603 _d96603 |
||